00428nam a2200145Ia 4500008004100000040001900041041001200060082002000072100001800092245008500110260004200195300002300237650000800260850001400268131103s9999 xx 000 0 und d aLoreto College aEnglish aREFbLCBED/7268 aMilford, E.M. 4aThe field of the embroidered quiltb A tale of two indian villages cE.M.Milford aBombaybOxford University Pressc1939 a60pb ill.c 22cm. aREF aLCBED/REF